Logo biblioteca
Santa Fe 2917, Rosario, Santa Fe
Lu-Vi 8 a 19.45
+54-341-4232362
bibliotecaeudoro@gmail.com
Facebook Biblioteca Pedagógica
Sitio web

Tejiendo una red solidaria de lectores / (Registro nro. 32597)

Detalles MARC
000 -CABECERA
campo fijo de control de longitud 01061nab a2200241 4500
003 - IDENTIFICADOR DEL NÚMERO DE CONTROL
campo de control AR-RoBPED
005 - FECHA Y HORADE LA ULTIMA TRANSACCION
campo de control 20260422110146.0
008 - ELEMENTOS DE LONGITUD FIJA--INFORMACION GENERAL
campo fijo de control de longitud 260422b |||||||| |||| 00| 0 spa d
040 ## - FUENTE CATALOGADORA
Centro catalogador/agencia de origen AR-RoBPED
041 ## - IDIOMA
Código de idioma para texto/pista de sonido o título independiente spa
100 1# - ENCABEZAMIENTO PRINCIPAL--AUTOR PERSONAL
Nombre de persona Albrecht, Federico
9 (RLIN) 26233
Función Profesor de Biología
245 1# - TITULO
Título Tejiendo una red solidaria de lectores /
260 ## - PUBLICACION
Lugar Buenos Aires :
Editor Noveduc,
Fecha 2024
300 ## - DESCRIPCION FISICA
Extensión 58-59 p.
500 ## - NOTA GENERAL
Nota general En las líneas que siguen, se reflexiona acerca del rol de los docentes como mediadores de lectura y se describe un proyecto de formación de lectores desarrollado en una escuela media de la ciudad de Reconquista, provincia de Santa Fe, en relación con otras iniciativas comunitarias.
650 #7 - TERMINO DE MATERIA--CONTROLADO
Término controlado LECTOR
9 (RLIN) 10925
Término controlado FORMACION DE LECTORES
9 (RLIN) 4197
Término controlado ROL DEL DOCENTE
9 (RLIN) 869
Término controlado NIVEL MEDIO
9 (RLIN) 3552
773 0# - DOCUMENTO FUENTE
Host Biblionumber 20414
Host Itemnumber 41862
Place, publisher, and date of publication Buenos Aires : Noveduc, 1993-
Título Novedades Educativas
Record control number (AR-RoBPED)20414
International Standard Serial Number 03283534
942 ## - ELEMENTOS KOHA
Fuente de clasificación Universal Decimal Classification
Koha tipo de ítem Revistas
Clasificación 37(05)
Signatura librística Nov 86 N° 399 (Nov.2024)
Número Koha k.32597
945 ## - PROCESAMIENTO DE LA INFORMACIÓN LOCAL
Catalogador y fecha mar 04/2026

No hay ítems disponibles.